|
|
|
|
| LEADER |
00000nam a2200000 a 4500 |
| 001 |
vtls001465460 |
| 003 |
SK-MaSNL |
| 005 |
20260301210342.0 |
| 008 |
240314s2003 xo ab slo |
| 015 |
|
|
|a SNBA2004/10-05939
|
| 020 |
|
|
|a 8096805185
|
| 035 |
|
|
|a SNK000420765
|
| 035 |
|
|
|a urn:nbn:sk:snk-amyf85
|
| 035 |
|
|
|a urn:nbn:sk:snk-am00cdx5
|
| 035 |
|
|
|a 07ED52A8-5C59-49B7-8E2E-AAF8A29361D6
|
| 040 |
|
|
|a SNK
|b slo
|c SNK
|e AACR2
|
| 041 |
0 |
|
|a slo
|
| 043 |
|
|
|a e-xo---
|
| 044 |
|
|
|a xo
|c SK
|
| 072 |
|
7 |
|a 72
|2 konspekt
|
| 080 |
|
|
|a 728.8(437.6)(091=162.4=112.2=111
|2 2. slo
|
| 080 |
|
|
|a 728.81(091)
|2 1981
|
| 080 |
|
|
|a 728.82(091)
|2 1981
|
| 080 |
|
|
|a (437.6)
|2 1981
|
| 080 |
|
|
|a 929.731
|2 1981
|
| 080 |
|
|
|a (0.062)
|2 1981
|
| 080 |
|
|
|a (084.11)
|2 1981
|
| 100 |
1 |
|
|a Piatko, Bohuslav
|4 aut
|9 270834
|
| 245 |
1 |
0 |
|a Stopy kráľov
|c text Bohuslav Piatko ; [fotografie Pavol Breier ... [et al.]
|
| 246 |
1 |
0 |
|a Traces of kings
|
| 246 |
1 |
0 |
|a Spuren der Könige
|
| 246 |
1 |
1 |
|a Traces of kings
|
| 246 |
1 |
1 |
|a Spuren der Könige
|
| 250 |
|
|
|a 1. vyd.
|
| 260 |
|
|
|a [Bratislava]
|b Media Svatava
|c 2003
|
| 300 |
|
|
|a 153 s.
|b fareb. fotogr.
|
| 500 |
|
|
|a Ilustr. na tit. strane
|
| 500 |
|
|
|a Súbež. náz. a text angl. a nem.
|
| 650 |
0 |
7 |
|a hrady
|2 SNKPH
|9 3039
|
| 650 |
0 |
7 |
|a zámky
|2 SNKPH
|9 3041
|
| 650 |
0 |
7 |
|a panovníci
|2 SNKPH
|9 4132
|
| 655 |
|
7 |
|a obrazové publikácie
|2 SNKPH
|9 70343
|
| 655 |
|
7 |
|a populárno-náučné publikácie
|2 SNKPH
|9 70460
|
| 655 |
|
7 |
|a fotografické publikácie
|2 SNKPH
|9 70483
|
| 700 |
1 |
|
|a Breier, Pavol,
|d 1921-2014
|4 pht
|9 168038
|
| 919 |
|
|
|a 80-968051-8-5
|
| 968 |
|
|
|d 71/72
|
| 999 |
|
|
|c 913331
|d 915261
|
| 952 |
|
|
|t P60, <03>, [BOOK], {603}
|a SNK
|b SNK
|y PREZ
|7 0
|p 17A0408084
|o snkSB 67802
|i snkKSP 71/2004
|0 0
|1 0
|4 0
|d 2003-12-17
|f 1
|l 0
|r 2025-04-16 00:00:00
|w 2026-02-24
|
| 952 |
|
|
|t snkSTO 929.52
|a SNKUST
|b SNKUST
|y PREZ
|7 0
|p 17A0408085
|o snkSB 67802 D1
|i snkKSP 72/2004
|0 0
|1 0
|4 0
|d 2003-12-17
|l 0
|r 2025-05-28 00:00:00
|w 2026-02-24
|
| 952 |
|
|
|a SNKLM
|b SNKLM
|y NEVYP
|7 0
|o snklmKK 1218
|i snklm17/2004
|8 7
|0 0
|1 0
|4 0
|d 2006-09-06
|l 0
|r 2026-02-24 07:50:24
|w 2026-02-24
|